000
00301nam a2200097Ia 4500
001
670174
005
20250826160802.0
008
250824s9999 xx 000 0 und d
245
0
_a
Başıma Yıldırım Düştü! Olasılıkların İlginç Dünyası
_c
Jeffrey S. Rosenthal
260
_b
TÜBİTAK YAYINLARI
999
_c
670174
_d
670174